[Event "Titled Tuesday intern op 12th Mar Late"]
[Site "Chess.com INT"]
[Date "2024.03.12"]
[Round "5"]
[White "Ranaldi, Lucas"]
[Black "Rohit, Krishna S"]
[Result "1/2-1/2"]
[WhiteElo "2361"]
[BlackElo "2410"]
[PlyCount "215"]
[EventDate "2024.03.12"]
[EventType "swiss (blitz)"]
[EventRounds "11"]
[EventCountry "USA"]
[SourceTitle "CB12_2024"]
[SourceDate "2023.10.01"]
[SourceVersion "1"]
[SourceVersionDate "2023.10.01"]
[SourceQuality "1"]

1. Nf3 f5 2. d4 Nf6 3. c4 g6 4. g3 Bg7 5. Bg2 0-0 6. 0-0 d6 7. Nc3 c6 8. d5 e5 9. dxe6 Bxe6 10. b3 Kh8 11. Bb2 Bg8 12. Qc2 a5 13. Rad1 Qc7 14. e3 Na6 15. h4 Nc5 16. Nd4 a4 17. Qb1 axb3 18. axb3 Ng4 19. Nce2 Qb6 20. Nf4 Ne5 21. Bc3 Ra3 22. Bb2 Ra6 23. Qc2 Rfa8 24. Ra1 Qb4 25. Rxa6 Rxa6 26. Bc3 Qa3 27. Ra1 Qxa1+ 28. Bxa1 Rxa1+ 29. Kh2 Ng4+ 30. Kh3 Nd7 31. Nde6 Be5 32. Bf3 Ndf6 33. Kg2 Re1 34. Nd3 Rxe3 35. Nxe5 dxe5 36. Nc5 b6 37. Na4 b5 38. Nc5 h5 39. Qd2 Rxf3 40. Kxf3 bxc4 41. bxc4 Bxc4 42. Kg2 Bd5+ 43. Kg1 Ne4 44. Nxe4 Bxe4 45. Qd7 Bd5 46. Qe7 e4 47. Kf1 Kg8 48. Ke2 Kh8 49. Qc7 Kg8 50. Qa7 Nf6 51. Ke3 Bf7 52. Kf4 Kg7 53. Ke5 Ng4+ 54. Kf4 Nh6 55. Qd4+ Kh7 56. Kg5 Ng8 57. Qd7 Kg7 58. Qxc6 Ba2 59. Qa6 Bf7 60. Qa7 Kf8 61. Qb8+ Kg7 62. Qe5+ Kf8 63. Qh8 Ke7 64. Qe5+ Kf8 65. Kf4 Ne7 66. Qd6 Ke8 67. Kg5 Ng8 68. Qc5 Kd7 69. Qe5 Kd8 70. Kf4 Kd7 71. Ke3 Ne7 72. Kd2 Be6 73. Qf6 Kd6 74. Ke2 Kd7 75. Kd1 Bb3+ 76. Kc1 Be6 77. Kb2 Kd6 78. Ka3 Kd7 79. Ka4 Kd6 80. Ka5 Kd7 81. Kb5 Bd5 82. Kc5 Be6 83. Kd4 Nc6+ 84. Kc5 Ne7 85. Qg7 Ba2 86. Kd4 Ke6 87. Ke3 Nd5+ 88. Kd2 Ne7 89. Kc3 Bd5 90. Kd4 Nc6+ 91. Kc5 Ne7 92. Qf8 Ba2 93. Qd8 Bd5 94. Qd6+ Kf7 95. Kd4 Ba2 96. Ke5 Ng8 97. Qd7+ Kf8 98. Qc8+ Kg7 99. Kf4 Bf7 100. Kg5 Kh7 101. Qd7 Kg7 102. Qc7 Kf8 103. Qd8+ Kg7 104. Qd4+ Kf8 105. Qe5 Be8 106. Qe6 Bf7 107. Qe5 Be8 108. Kf4 1/2-1/2

[Event "Titled Tuesday intern op 13th Feb Early"]
[Site "Chess.com INT"]
[Date "2024.02.13"]
[Round "11"]
[White "Rohit, Krishna S"]
[Black "Makarian, Rudik"]
[Result "1/2-1/2"]
[WhiteElo "2410"]
[BlackElo "2525"]
[PlyCount "147"]
[EventDate "2024.02.13"]
[EventType "swiss (blitz)"]
[EventRounds "11"]
[EventCountry "USA"]
[SourceTitle "CB08_2024"]
[SourceDate "2024.02.21"]
[SourceVersion "1"]
[SourceVersionDate "2024.02.21"]
[SourceQuality "1"]

1. Nf3 Nf6 2. g3 b5 3. Bg2 Bb7 4. 0-0 e6 5. d4 Be7 6. a4 b4 7. Nbd2 0-0 8. Nc4 d5 9. Nfe5 c5 10. dxc5 Bxc5 11. Be3 Qc7 12. Bxc5 Qxc5 13. Nd2 Qc7 14. Nd3 a5 15. Nb3 Nbd7 16. Rc1 Qb6 17. c4 bxc3 18. bxc3 Rac8 19. Nd4 Ba6 20. Qd2 Nc5 21. Rb1 Qd6 22. Nb5 Bxb5 23. Rxb5 Nxa4 24. Rc1 Nb6 25. Nb2 Nc4 26. Nxc4 Rxc4 27. Rxa5 Rfc8 28. e3 Qc7 29. Ra3 g6 30. Qb2 Qe5 31. Rb3 h5 32. Ra3 Kg7 33. Bf1 R4c5 34. Bg2 h4 35. Qd2 Rc4 36. Bf1 Ne4 37. Qb2 hxg3 38. hxg3 Rxc3 39. Rcxc3 Rxc3 40. Bd3 Kf6 41. Bxe4 Rxa3 42. Qxa3 Qxe4 43. Qd6 Kg7 44. Qe7 Qb1+ 45. Kg2 Qf5 46. Qd6 Qe4+ 47. Kg1 Qf3 48. Qe5+ Qf6 49. Qc7 Qf5 50. Kg2 Qe4+ 51. Kg1 e5 52. Qd6 d4 53. exd4 exd4 54. Qc5 d3 55. Qc3+ Kh7 56. Qf6 Kg8 57. Qd8+ Kg7 58. Qd6 Qe1+ 59. Kg2 Qe4+ 60. Kg1 Qe1+ 61. Kg2 d2 62. Qd4+ Kg8 63. Qd8+ Kh7 64. Qh4+ Kg7 65. Qd4+ f6 66. Qd7+ Kh6 67. Qh3+ Kg7 68. Qd7+ Kg8 69. Qd8+ Kf7 70. Qd7+ Kg8 71. Qd8+ Kh7 72. Qd7+ Kh6 73. Qh3+ Kg7 74. Qd7+ 1/2-1/2

[Event "Titled Tuesday intern op 16th Jan Early"]
[Site "Chess.com INT"]
[Date "2024.01.16"]
[Round "5"]
[White "Rohit, Krishna S"]
[Black "Andreikin, Dmitry"]
[Result "0-1"]
[WhiteElo "2410"]
[BlackElo "2729"]
[PlyCount "114"]
[EventDate "2024.01.16"]
[EventType "swiss (blitz)"]
[EventRounds "11"]
[EventCountry "USA"]
[SourceTitle "CB04_2024"]
[SourceDate "2023.10.16"]
[SourceVersion "1"]
[SourceVersionDate "2023.10.16"]
[SourceQuality "1"]

1. Nf3 b5 2. e4 Bb7 3. Bxb5 Bxe4 4. 0-0 c6 5. Ba4 Qa5 6. Nc3 Bxf3 7. Qxf3 Nf6 8. d4 e6 9. Bf4 Be7 10. Bb3 d5 11. Qg3 Nh5 12. Qg4 Nxf4 13. Qxf4 0-0 14. Ne2 Nd7 15. c3 Rfb8 16. Rfe1 Qb6 17. Ng3 a5 18. Ba4 Bf8 19. Re2 Nf6 20. Rae1 c5 21. dxc5 Qxc5 22. h4 Bd6 23. Qf3 Qc4 24. b3 Qxh4 25. c4 dxc4 26. bxc4 Bxg3 27. Qxg3 Qxg3 28. fxg3 Rc8 29. Bb5 Kf8 30. a4 Ke7 31. Re5 g6 32. Rd1 Rd8 33. Rc1 Rac8 34. Ba6 Ra8 35. Bb7 Ra7 36. Bf3 Rc8 37. Rb5 Nd7 38. c5 Ne5 39. Bb7 Rc7 40. c6 Nd3 41. Rc4 Nb4 42. Kf2 Kd6 43. Rd4+ Nd5 44. Kf3 h5 45. g4 hxg4+ 46. Kxg4 Ke5 47. Rd2 Kd6 48. Kg5 Ke7 49. Rc2 Nf6 50. Kf4 Ne8 51. Rcc5 Nd6 52. Rxa5 Rxa5 53. Rxa5 Nxb7 54. cxb7 Rxb7 55. g4 Rb4+ 56. Kg5 f6+ 57. Kh4 f5 0-1

[Event "Asia-ch Blitz U20"]
[Site "Jamshedpur"]
[Date "2023.09.15"]
[Round "8"]
[White "Rohit, Krishna S"]
[Black "Adireddy, Arjun"]
[Result "1-0"]
[WhiteElo "2420"]
[BlackElo "1775"]
[PlyCount "127"]
[EventDate "2023.09.15"]
[EventType "swiss (blitz)"]
[EventRounds "9"]
[EventCountry "IND"]
[SourceTitle "EXT 2024"]
[Source "ChessBase"]
[SourceDate "2023.10.10"]
[SourceVersion "1"]
[SourceVersionDate "2023.10.10"]
[SourceQuality "1"]

1. e4 c6 2. Nf3 d5 3. Nc3 dxe4 4. Nxe4 Nf6 5. Nxf6+ exf6 6. d4 Bd6 7. Be2 0-0 8. 0-0 Re8 9. c3 Nd7 10. h3 Nf8 11. Nd2 f5 12. Nc4 Bc7 13. Bf3 Be6 14. Ne5 Nd7 15. Nd3 Nf6 16. Bg5 h6 17. Bxf6 Qxf6 18. a4 Rad8 19. a5 Bc4 20. Qc2 c5 21. Nxc5 Bxf1 22. Rxf1 b6 23. axb6 axb6 24. Nd3 Bd6 25. Ra1 g5 26. g3 Qe6 27. Ra6 Bc7 28. Qd1 Kg7 29. Kg2 Re7 30. Nb4 Qc4 31. Ra7 Rde8 32. Bd5 Qb5 33. Bc6 Qc4 34. Bxe8 Rxe8 35. Qd3 Qxd3 36. Nxd3 Bd6 37. Rb7 Rb8 38. Rd7 Bf8 39. Ne5 Kf6 40. Rxf7+ Ke6 41. Rh7 Ra8 42. Ng6 Bd6 43. Rxh6 Kd5 44. Ne5 Bxe5 45. dxe5 Rb8 46. f4 gxf4 47. gxf4 Ke4 48. Kg3 Rg8+ 49. Kf2 Rb8 50. e6 Kxf4 51. e7 Re8 52. Rxb6 Rxe7 53. Rb4+ Kg5 54. h4+ Kh5 55. Kf3 Rf7 56. Rd4 Rb7 57. b4 Rc7 58. c4 Ra7 59. c5 Ra1 60. Rc4 Ra7 61. c6 Rc7 62. b5 Rc8 63. b6 Rb8 64. b7 1-0